=LDR 00000nam 2200000 4500 =001 INLIS000000000001513 =005 20130612085919 =008 ***********************************Ind** =035 ##$$0010-061300000001513 =041 ##$$a Ind =082 ##$$a 323.62 =090 ##$$a 323.62, Sir-p =100 ##$$a SIRAIT, Midian =245 ##$$a Paham kebangsaan Indonesia, Midian Sirait =260 ##$$a 1997 $b Jakarta =300 ##$$a xxii, 182 hlm, ilus, 21 cm =650 ##$$a Warga Negara =850 ##$$a NBPNMAT =990 ##$$a 0001/BPAP-NTB/2015